000 00211nam a22000977a 4500
999 _c15772
_d15772
003 OSt
008 191015b ||||| |||| 00| 0 eng d
100 _aUroob
_94296
245 _aKunjammayum koottukarum
942 _cBK